Представление документа в формате RUSMARC

ПолеНазваниеЗначение
  Тип записи a
  Библиографический уровень m
001 Контрольный номер eea0b2b500ce4831ba5e7f85fa96128e
005 Дата корректировки 20140701111655.0
010 Индекс ISBN __
a ISBN 5-8018-0126-Х
200 Заглавие и сведения об ответственности 1_
a Заглавие Налоговые правонарушения
f Первые сведения об ответственности Шаров Алексей Степанович
210 Выходные данные 1_
a Место издания М.
c Издательство ДИС
d Дата издания 2002
215 Физическое описание __
a Объем 94 с.
300 Общие примечания __
a Общие примечания 6экз.
610 Ключевые слова 0_
a Ключевые слова налоговые правонарушения
610 Ключевые слова 0_
a Ключевые слова ответственность за совершение правонарушений
610 Ключевые слова 0_
a Ключевые слова виды нарушений
686 Индексы других классификаций __
a Классификационный индекс 67
2 Код системы rubbk
686 Индексы других классификаций __
a Классификационный индекс 67.622.2
2 Код системы rubbk
700 Автор _1
a Фамилия Шаров Алексей Степанович
801 Источник записи _0
a Страна RU
b Организация РУК
c Дата составления 20031021
g Правила каталогизации PSBO
801 Источник записи _1
a Страна RU
b Организация РУК
c Дата составления 20031021
g Правила каталогизации PSBO
852 Данные о местонахождении __
i Авторский знак Ш26
j Шифр хранения ББК 67
901 Тип документа __
t Тип документа m
938 Служебная информация __
a Название организации Головной вуз
b Имя БД BOOK
c Название АИБС АИБС ИРБИС